000 00692nam a2200217Ia 4500
003 GCL
008 140319s9999 xx 000 0 ara d
040 _aGCL /
_cGCL
082 0 4 _a291.042
_bخ د
100 1 _aخزعل الماجدى
245 1 0 _aالدين السومرى /
_cخزعل الماجدى
250 _aالاولى
260 _aالاردن :
_bدار الشروق ،
_c1998
300 _a224 ص ؛
_c24سم
490 _aسلسلة التراث الروحى للانسان
_v2
650 0 4 _aالديانات القديمة
650 0 4 _aالاساطير
650 0 4 _aالديانات - تاريخ
650 0 4 _aالديانات السومرية
942 _2ddc
_cBK
999 _c10127
_d10127